Impact of information and communications technology on real estate space (Record no. 76899)

MARC details
000 -LEADER
fixed length control field 01368cab a2200193 4500
001 - CONTROL NUMBER
control field ##L133273
008 - FIXED-LENGTH DATA ELEMENTS--GENERAL INFORMATION
fixed length control field 060425n2006 000 0 eng u
035 ## - SYSTEM CONTROL NUMBER
System control number (Sirsi) u133273
041 0# - LANGUAGE CODE
Language code of text/sound track or separate title eng
100 1# - MAIN ENTRY--PERSONAL NAME
Personal name Sing, Tien Foo
245 00 - TITLE STATEMENT
Title Impact of information and communications technology on real estate space
Remainder of title perspective of office occupiers
260 ## - PUBLICATION, DISTRIBUTION, ETC.
Date of publication, distribution, etc. 2006
490 #0 - SERIES STATEMENT
Series statement Journal of Property Investment and Finance
Volume/sequential designation 23(6) 2005, 494-505(12)
520 ## - SUMMARY, ETC.
Summary, etc. Aims to empirically test whether space reduction effects of Information Communications Technology (ICT) are significant in the office market in Singapore. It also examines variations in firms' responses, and how increasing use of ICT will impact on their operational and activities. This includes productivity, staffing structure and requirements, adoption of working practices, quality of customer service, and the importance of a central meeting place. The findings reveal that only a small proportion felt that they could reduce office space with more ICT use. However, some firms believed that ICT will enable flexible workflows, which in turn will change the way corporate real estate strategies are designed.
590 ## - LOCAL NOTE (RLIN)
Local note 090506
650 24 - SUBJECT ADDED ENTRY--TOPICAL TERM
Topical term or geographic name entry element SINGAPORE
690 ## - LOCAL SUBJECT ADDED ENTRY--TOPICAL TERM (OCLC, RLIN)
Topical term or geographic name as entry element PROPERTY-COMMERCIAL PROPERTY-CORPORATE REAL ESTATE-CORPORATE REAL ESTATE MANAGEMENT-STRATEGIC FACILITIES PLANNING
942 ## - ADDED ENTRY ELEMENTS (KOHA)
Suppress in OPAC 0
Holdings
Withdrawn status Lost status Source of classification or shelving scheme Damaged status Not for loan Home library Current library Shelving location Date acquired Total Checkouts Full call number Barcode Date last seen Copy number Price effective from Koha item type
    Dewey Decimal Classification     London London Journal article 25/04/2006   L133273 133273-1001 06/08/2019 1 06/08/2019 Journal article